Линейные системы в теории автоматического управления: учебное пособие

Dades bibliogràfiques
Autor corporatiu: Национальный исследовательский Томский политехнический университет
Altres autors: Шилин А. А. Александр Анатольевич, Ляпунов Д. Ю. Данил Юрьевич, Паюк Л. А. Любовь Анатольевна, Ляпушкин С. В. Сергей Викторович
Sumari:В учебном пособии рассматриваются линейные системы в теории автоматического управления. Освещены вопросы представления систем в виде структурных схем, построенных на базе типовых звеньев. Приведены основные критерии устойчивости, а также основы синтеза систем управления. Предназначено для студентов, обучающихся по направлению 13.03.02 "Электроэнергетика и электротехника".
Idioma:rus
Publicat: Томск, Изд-во ТПУ, 2019
Matèries:
Format: MixedMaterials Llibre
KOHA link:https://koha.lib.tpu.ru/cgi-bin/koha/opac-detail.pl?biblionumber=343837

MARC

LEADER 00000nam0a2200000 4500
001 343837
005 20240224144825.0
010 |a 9785438708803 
035 |a (RuTPU)RU\TPU\book\374469 
090 |a 343837 
100 |a 20191101d2019 m y0rusy50 ca 
101 0 |a rus 
102 |a RU 
105 |a a j 001zy 
200 1 |a Линейные системы в теории автоматического управления  |e учебное пособие  |f А. А. Шилин [и др.]  |g Национальный исследовательский Томский политехнический университет 
210 |a Томск  |c Изд-во ТПУ  |d 2019 
215 |a 178 с.  |c ил. 
320 |a Библиогр.: с. 168-174 
320 |a Список сокращений и условных обозначений: с. 167 
330 |a В учебном пособии рассматриваются линейные системы в теории автоматического управления. Освещены вопросы представления систем в виде структурных схем, построенных на базе типовых звеньев. Приведены основные критерии устойчивости, а также основы синтеза систем управления. Предназначено для студентов, обучающихся по направлению 13.03.02 "Электроэнергетика и электротехника". 
606 1 |a Автоматические системы управления линейные  |2 stltpush  |3 (RuTPU)RU\TPU\subj\877  |9 29683 
610 1 |a САУ 
610 1 |a системы автоматического управления 
610 1 |a история 
610 1 |a линейные элементы 
610 1 |a математическое описание 
610 1 |a типовые динамические звенья 
610 1 |a структурные схемы 
610 1 |a преобразования 
610 1 |a линейные автоматические системы 
610 1 |a устойчивость 
610 1 |a качество 
610 1 |a показатели качества 
610 1 |a синтез 
610 1 |a учебные пособия 
610 1 |a труды учёных ТПУ 
675 |a 681.511.2(075.8)  |v 4 
701 1 |a Шилин  |b А. А.  |c специалист в области электротехники  |c профессор Томского политехнического университета, доктор технических наук  |f 1972-  |g Александр Анатольевич  |3 (RuTPU)RU\TPU\pers\30479  |9 14803 
701 1 |a Ляпунов  |b Д. Ю.  |c специалист в области электротехники  |c доцент Томского политехнического университета, кандидат технических наук  |f 1982-  |g Данил Юрьевич  |3 (RuTPU)RU\TPU\pers\26526  |9 12220 
701 1 |a Паюк  |b Л. А.  |c специалист в области электротехники  |c старший преподаватель Томского политехнического университета, кандидат технических наук  |f 1981-  |g Любовь Анатольевна  |3 (RuTPU)RU\TPU\pers\25685  |9 11596 
701 1 |a Ляпушкин  |b С. В.  |c специалист в области электротехники  |c доцент Томского политехнического университета, кандидат технических наук  |f 1973-  |g Сергей Викторович  |y Томск  |3 (RuTPU)RU\TPU\pers\27842  |9 12877 
712 0 2 |a Национальный исследовательский Томский политехнический университет  |c (2009- )  |3 (RuTPU)RU\TPU\col\15902  |9 26305 
801 1 |a RU  |b 63413507  |c 20191101 
801 2 |a RU  |b 63413507  |c 20191129  |g RCR 
942 |c BK